=LDR 00000nam 2200000 4500 =001 INLIS000000000029774 =005 20200911101903 =035 ##$$a 0010-061300000029774 =008 200911################g##########0#ind## =041 ##$$a Ind =082 ##$$a 304.2 =090 ##$$a 304.2, Sus s =100 ##$$a Susilo, Rachmad K Dwi =245 1#$$a Sosiologi lingkungan /$c Rachmad K Dwi Susilo =260 ##$$a Jakarta :$b Rajawali Pers,$c 2008 =300 ##$$a xxiii, 214 hlm ; $c 21x 14 cm =650 #4$$a Ekologi Manusia =850 ##$$a NBPNMAT =020 ##$$a 978-979-769-185-1 =084 ##$$a 304.2 SUS s =250 ##$$a Ed. 1 =504 ##$$a Bibliografi :hlm.203-211 =520 ##$$a Biografi :hlm.213-214 =990 ##$$a 20801771 =990 ##$$a 20801773 =990 ##$$a 21302767 =990 ##$$a 21302765 =990 ##$$a 20801774 =990 ##$$a 21302764 =990 ##$$a 12231223 =990 ##$$a 21302766 =990 ##$$a 20801771 =990 ##$$a 20801773 =990 ##$$a 21302767 =990 ##$$a 21302765 =990 ##$$a 20801774 =990 ##$$a 21302764 =990 ##$$a 21302765 =990 ##$$a 20801771 =990 ##$$a 20801773 =990 ##$$a 21302767 =990 ##$$a 20801774 =990 ##$$a 21302764 =990 ##$$a 21302766 =990 ##$$a 21302764 =990 ##$$a 20801771 =990 ##$$a 20801773 =990 ##$$a 21302767 =990 ##$$a 21302765 =990 ##$$a 20801774 =990 ##$$a 21302766